000 00440nam a22001817a 4500
005 20250904123729.0
008 250904b |||||||| |||| 00| 0 eng d
020 _a9780500290736
040 _cPK-LaNCA
082 _a769
_bESC
100 _aESCHIER M.C
245 _aThe Magic of M.C ESCHIER
_c ESCHIER M.C
260 _aunited kingdom
_bThames&Hudson
_c2006
300 _a196
546 _aEnglish
650 _aRrint
942 _cBK
999 _c66710
_d66710